MAASAI MARA UNIVERSITY

LIBRARY CATALOGUE

Contact Us: +254 020 2685356/7 or 0774 057787

Box: 861-20500, NAROK, KENYA

Email: info@mmarau.ac.ke

False alarm : (Record no. 18549)

MARC details
000 -LEADER
fixed length control field 01594cam a22003374a 4500
001 - CONTROL NUMBER
control field 13736520
003 - CONTROL NUMBER IDENTIFIER
control field OSt
005 - DATE AND TIME OF LATEST TRANSACTION
control field 20170518100932.0
008 - FIXED-LENGTH DATA ELEMENTS--GENERAL INFORMATION
fixed length control field 040930s2005 nju b 001 0 eng
010 ## - LIBRARY OF CONGRESS CONTROL NUMBER
LC control number 2004022952
020 ## - INTERNATIONAL STANDARD BOOK NUMBER
International Standard Book Number 0471678694 (cloth)
040 ## - CATALOGING SOURCE
Original cataloging agency MMU
Transcribing agency MMU
Modifying agency MMU
042 ## - AUTHENTICATION CODE
Authentication code pcc
050 00 - LIBRARY OF CONGRESS CALL NUMBER
Classification number HM1033
Item number .S525 2005
082 00 - DEWEY DECIMAL CLASSIFICATION NUMBER
Classification number 302/.17
Edition number 22
100 1# - MAIN ENTRY--PERSONAL NAME
Personal name Siegel, Marc
Fuller form of name (Marc K.)
245 10 - TITLE STATEMENT
Title False alarm :
Remainder of title the truth about the epidemic of fear /
Statement of responsibility, etc. Marc Siegel.
260 ## - PUBLICATION, DISTRIBUTION, ETC. (IMPRINT)
Place of publication, distribution, etc. Hoboken, N.J. :
Name of publisher, distributor, etc. John Wiley & Sons,
Date of publication, distribution, etc. c2005.
300 ## - PHYSICAL DESCRIPTION
Extent ix, 246 p. ;
Dimensions 24 cm.
504 ## - BIBLIOGRAPHY, ETC. NOTE
Bibliography, etc Includes bibliographical references (p. 217-235) and index.
505 0# - FORMATTED CONTENTS NOTE
Formatted contents note Introduction : the fear epidemic -- Why are we so afraid? -- It works for animals but not for us -- Our culture of worry -- Playing politics with fear -- Disasters : real or imagined -- Finding things to worry about -- Profiting from fear -- Anthrax -- Insects, pox, and lethal gas -- SARS -- Flu -- Cows, birds, and humans -- The fear prophets -- Is there a cure for fear?.
650 #0 - SUBJECT ADDED ENTRY--TOPICAL TERM
Topical term or geographic name as entry element Fear
General subdivision Social aspects.
650 #0 - SUBJECT ADDED ENTRY--TOPICAL TERM
Topical term or geographic name as entry element Epidemics
General subdivision Social aspects.
650 #0 - SUBJECT ADDED ENTRY--TOPICAL TERM
Topical term or geographic name as entry element Security (Psychology)
650 #0 - SUBJECT ADDED ENTRY--TOPICAL TERM
Topical term or geographic name as entry element Social control.
856 41 - ELECTRONIC LOCATION AND ACCESS
Materials specified Table of contents only
Uniform Resource Identifier <a href="http://www.loc.gov/catdir/toc/ecip051/2004022952.html">http://www.loc.gov/catdir/toc/ecip051/2004022952.html</a>
856 42 - ELECTRONIC LOCATION AND ACCESS
Materials specified Contributor biographical information
Uniform Resource Identifier <a href="http://www.loc.gov/catdir/enhancements/fy0617/2004022952-b.html">http://www.loc.gov/catdir/enhancements/fy0617/2004022952-b.html</a>
856 42 - ELECTRONIC LOCATION AND ACCESS
Materials specified Publisher description
Uniform Resource Identifier <a href="http://www.loc.gov/catdir/enhancements/fy0617/2004022952-d.html">http://www.loc.gov/catdir/enhancements/fy0617/2004022952-d.html</a>
906 ## - LOCAL DATA ELEMENT F, LDF (RLIN)
a 7
b cbc
c orignew
d 1
e ecip
f 20
g y-gencatlg
942 ## - ADDED ENTRY ELEMENTS (KOHA)
Source of classification or shelving scheme Library of Congress Classification
Koha item type L

No items available.

© 2016 Maasai Mara University.